Solvable cases of the decision problem. (Record no. 544009)

000 -LEADER
fixed length control field 00427cam a22001451 4500
082 ## - DEWEY DECIMAL CLASSIFICATION NUMBER
Classification number 519.542
Author Mark ACK
-- L-4, P-15
100 1# - MAIN ENTRY--PERSONAL NAME
Personal name Ackermann, W.
9 (RLIN) 39537
245 10 - TITLE STATEMENT
Title Solvable cases of the decision problem.
260 ## - PUBLICATION, DISTRIBUTION, ETC.
Place of publication, distribution, etc. Amsterdam,
Name of publisher, distributor, etc. North-Holland Pub. Co.,
Date of publication, distribution, etc. 1954.
300 ## - PHYSICAL DESCRIPTION
Extent 114 p.
526 ## - STUDY PROGRAM INFORMATION NOTE
Program name 0
Interest level 0
Reading level 0
Title point value 519_542000000000000_ACK
650 #0 - SUBJECT ADDED ENTRY--TOPICAL TERM
Topical term or geographic name entry element Logic, Symbolic and mathematical.
9 (RLIN) 36546
650 #0 - SUBJECT ADDED ENTRY--TOPICAL TERM
Topical term or geographic name entry element MCE
9 (RLIN) 379
942 ## - ADDED ENTRY ELEMENTS (KOHA)
Source of classification or shelving scheme
Koha item type Book
Holdings
Withdrawn status Lost status Source of classification or shelving scheme Damaged status Not for loan Permanent Location Current Location Date acquired Total Checkouts Full call number Barcode Date last seen Price effective from Koha item type
          Military College of Engineering (MCE) Military College of Engineering (MCE) 04/09/2014   519.542 ACK MCE-3511 04/09/2014 04/09/2014 Book
© 2023 Central Library, National University of Sciences and Technology. All Rights Reserved.